| 000 | 01220cam a2200241 4500 | ||
|---|---|---|---|
| 001 | WB3929-05 | ||
| 008 | 030729n2003 000 0 eng u | ||
| 035 | _a(Sirsi) u123139 | ||
| 245 | _aRegional economic gap | ||
| 260 | _c2003 | ||
| 490 |
_aRegeneration and Renewal _v 25 July 2003, 12(1) |
||
| 520 | _aReport by Robert Huggins Associates shows that the economic gap between the UK regions has increased over the last decade. Illustrates that the areas with the best prospects are London and the southeast of England which are ahead with increases of between seven and 18% GDP per capia between 1990 and 2000. Other regions of the UK have fared less well especially in the northeast which has experienced a fall of 5% GDP followed by Yorkshire and Humberside, the east Midlands, the southwest of England and Northern Ireland. For a summary of the report and detail of its purchase: http://www.hugginsassociates.com/product_info.php/cPath/23/products_id/41. | ||
| 590 | _aWB | ||
| 650 | _aECONOMIC DEVELOPMENT | ||
| 650 | _aGDP | ||
| 650 | _aLONDON | ||
| 650 | _aSOUTHEAST ENGLAND | ||
| 650 | _aYORKSHIRE | ||
| 650 | _aHUMBERSIDE | ||
| 650 | _aEAST MIDLANDS | ||
| 690 | _aECONOMIC ISSUES | ||
| 942 | _n0 | ||
| 999 |
_c73123 _d73123 |
||